Parcs et jardins dits "espaces verts" de Paris de plus de 3 ha sur une carte - Statistiques

Statistiques générales
  • Ce quiz a été pris 167 fois
  • Le résultat moyen est 15 sur 36
Réponses sur la Carte
Les réponses sont colorées sur une échelle allant du rouge au vert en fonction du pourcentage des utilisateurs qui les ont devinées à leur premier essai. Vous pouvez retrouver ces pourcentages ci-dessous.
 
Statistiques - réponses
Espace vert (Bois, Parc, Jardin, Square, Promenade... Arrondissement Superficie (m²) % Correct
Bois de Boulogne 16e 8 460 000
98%
Bois de Vincennes 12e 9 950 000
96%
Jardin du Luxembourg 6e 224 500
91%
Jardin des Tuileries 1er 280 000
89%
Parc du Champ-de-Mars 7e 243 215
85%
Parc des Buttes-Chaumont 19e 247 316
84%
Jardins du Trocadéro 16e 93 930
75%
Esplanade des Invalides 7e 32 800
70%
Jardin des Plantes 5e 235 000
70%
Parc de la Villette 19e 550 000
70%
Parc Monceau 8e 82 506
68%
Parc Montsouris 14e 154 640
67%
Parc de Bercy 12e 140 000
66%
Jardins des Champs-Élysées et du Grand Palais 8e 137 520
64%
Parc André-Citroën 15e 138 800
53%
Parc de Belleville 20e 45 000
41%
Parc Rives-de-Seine 1er ; 4e ; 7e 80 000
39%
Jardins de l'Avenue-Foch 16e 66 200
35%
Parc Georges-Brassens 15e 87 293
33%
Parc Martin-Luther-King 17e 100 000
32%
Jardins d'Éole 18e 42 000
23%
Jardin du Ranelagh 16e 60 500
21%
Jardin Nelson-Mandela 1er 40 050
20%
Coulée verte René-Dumont 12e 65 000
19%
Parc omnisports Suzanne-Lenglen 15e 106 175
19%
Parc de Choisy 13e 42 693
18%
Parc de la Butte-du-Chapeau-Rouge 19e 46 880
17%
Parc Kellermann 13e 55 581
16%
Jardin Atlantique 15e 34 200
14%
Jardin des serres d'Auteuil 16e 60 500
12%
Jardin de la Porte-de-Saint-Cloud 16e 33 597
8%
Parc Sainte-Périne 16e 30 000
7%
Square René-Le Gall 13e 32 213
7%
Jardin Tino-Rossi 5e 31 612
4%
Jardin d'immeubles Albert-Bartholomé 15e 34 180
2%
Promenade Bernard-Lafay 17e 78 027
2%
Aucun quiz correspondant
Distribution des résultats
% des personnes avec chaque résultat
Percentile par nombre de réponses
Votre historique - résultats
Vous n’avez pas pris ce quiz